[Event "Faroes op"]
[Site "Kollafjord"]
[Date "2017.07.16"]
[Round "6"]
[White "Nielsen, Jon I Horni"]
[Black "Hansen, Herluf"]
[Result "1-0"]
[WhiteElo "1557"]
[BlackElo "2048"]
[PlyCount "113"]
[EventDate "2017.07.12"]
[EventType "swiss"]
[EventRounds "9"]
[EventCountry "FAI"]
[SourceTitle "EXT 2018"]
[Source "ChessBase"]
[SourceDate "2017.10.13"]
[SourceVersion "1"]
[SourceVersionDate "2017.10.13"]
[SourceQuality "1"]

1. e4 c5 2. Nf3 e6 3. d4 cxd4 4. Nxd4 a6 5. Nc3 Qc7 6. Be3 Nc6 7. f3 Nf6 8. Qd2 Bb4 9. a3 Be7 10. 0-0-0 d5 11. exd5 exd5 12. Nb3 Be6 13. Bf4 Qb6 14. Na4 Qd8 15. Nac5 0-0 16. Bd3 Qc8 17. Rhe1 Re8 18. Qe2 Bf8 19. h4 Bf5 20. Bxf5 Qxf5 21. Qd2 d4 22. g4 Qd5 23. Nxb7 Qxf3 24. g5 Ne4 25. Qh2 Nf2 26. Nd2 Qd5 27. Qxf2 Qd7 28. Rxe8 Rxe8 29. Re1 Rc8 30. Nd6 Bxd6 31. Bxd6 Qxd6 32. Rf1 Qe7 33. Qf5 Rd8 34. h5 Qe6 35. Ne4 Rd5 36. Qxe6 fxe6 37. b4 Re5 38. Nc5 a5 39. Nd7 Rf5 40. Rxf5 exf5 41. b5 Nd8 42. Nc5 Kf7 43. b6 Nc6 44. b7 Nb8 45. Kd2 h6 46. gxh6 gxh6 47. Kd3 Kf6 48. Kxd4 Kg5 49. Ke5 Kg4 50. Ne6 Kxh5 51. Kxf5 Kh4 52. c4 Kg3 53. c5 h5 54. Nd4 h4 55. c6 Na6 56. c7 h3 57. b8Q 1-0

[Event "FAI-chT 1516"]
[Site "Faroe Islands"]
[Date "2016.04.16"]
[Round "10.4"]
[White "Nielsen, Sonni"]
[Black "Hansen, Herluf"]
[Result "0-1"]
[WhiteElo "1809"]
[BlackElo "2011"]
[PlyCount "66"]
[EventDate "2015.10.25"]
[EventType "team-tourn"]
[EventRounds "10"]
[EventCountry "FAI"]
[SourceTitle "EXT 2017"]
[Source "ChessBase"]
[SourceDate "2016.10.25"]
[SourceVersion "1"]
[SourceVersionDate "2016.10.25"]
[SourceQuality "1"]
[WhiteTeam "Sandavagur"]
[BlackTeam "Havnin"]
[WhiteTeamCountry "FAI"]
[BlackTeamCountry "FAI"]

1. e4 e5 2. Nf3 Nc6 3. Bb5 a6 4. Bxc6 dxc6 5. d3 Bd6 6. h3 Ne7 7. b3 0-0 8. Bb2 Ng6 9. Nbd2 Re8 10. Nc4 Bb4+ 11. Ncd2 a5 12. a3 Bc5 13. g3 f6 14. Qe2 Qe7 15. h4 Nf8 16. h5 Ne6 17. c3 Bd7 18. Nh4 Ng5 19. g4 Rad8 20. b4 axb4 21. axb4 Bd6 22. Nf5 Bxf5 23. gxf5 Ra8 24. Rxa8 Rxa8 25. 0-0 Nh3+ 26. Kh2 Nf4 27. Qf3 Qf7 28. h6 Kh8 29. hxg7+ Qxg7 30. Rh1 Rg8 31. Qg3 Qh6+ 32. Kg1 Ne2+ 33. Kg2 Rxg3+ 0-1

[Event "FAI-chT 1516"]
[Site "Faroe Islands"]
[Date "2016.03.12"]
[Round "8.4"]
[White "Petersen, Gutti"]
[Black "Hansen, Herluf"]
[Result "0-1"]
[WhiteElo "1657"]
[BlackElo "2011"]
[PlyCount "133"]
[EventDate "2015.10.25"]
[EventType "team-tourn"]
[EventRounds "10"]
[EventCountry "FAI"]
[SourceTitle "EXT 2017"]
[Source "ChessBase"]
[SourceDate "2016.10.25"]
[SourceVersion "1"]
[SourceVersionDate "2016.10.25"]
[SourceQuality "1"]
[WhiteTeam "Sandavagur II"]
[BlackTeam "Havnin"]
[WhiteTeamCountry "FAI"]
[BlackTeamCountry "FAI"]

1. e4 d6 2. d4 g6 3. Nf3 Bg7 4. c3 Nf6 5. Bd3 0-0 6. 0-0 Nbd7 7. h3 e5 8. Bg5 h6 9. Be3 Qe7 10. d5 Nc5 11. Bxc5 dxc5 12. Nbd2 Nh5 13. Kh2 Nf4 14. Bc2 Bd7 15. Re1 b5 16. Nf1 Rab8 17. a3 Rb6 18. Qd2 a6 19. Ne3 Rd8 20. b3 Bc8 21. c4 Ne6 22. Rad1 Nd4 23. Nxd4 cxd4 24. Nf1 bxc4 25. bxc4 Qxa3 26. Rb1 Bf8 27. Rxb6 cxb6 28. Rb1 Qc5 29. Bd3 Bd7 30. Qb2 Rb8 31. Nd2 Bd6 32. f3 b5 33. Qa2 bxc4 34. Rxb8+ Bxb8 35. Qxc4 Qxc4 36. Bxc4 Bb5 37. Bxb5 axb5 38. Kg1 Kf8 39. Kf2 Ke7 40. Ke2 Bd6 41. Nb3 Bb4 42. Nc1 h5 43. Nd3 Bd6 44. g3 f5 45. Nf2 Kf6 46. g4 fxg4 47. fxg4 Kg5 48. Kf3 hxg4+ 49. hxg4 Kh4 50. Nd3 b4 51. Nb2 b3 52. Nc4 Kg5 53. Nd2 b2 54. Ke2 Bb4 55. Nb1 Kxg4 56. Kd3 Kf4 57. Kc4 Kxe4 58. Kxb4 Kxd5 59. Kb3 e4 60. Kxb2 e3 61. Kc2 Ke4 62. Kd1 d3 63. Ke1 g5 64. Nc3+ Kf3 65. Nb1 d2+ 66. Nxd2+ exd2+ 67. Kxd2 0-1

[Event "FAI-ch"]
[Site "Hoyvik"]
[Date "2015.03.30"]
[Round "3"]
[White "Poulsen, Martin"]
[Black "Hansen, Herluf"]
[Result "1-0"]
[WhiteElo "2274"]
[BlackElo "2036"]
[PlyCount "96"]
[EventDate "2015.03.28"]
[EventType "tourn"]
[EventRounds "9"]
[EventCountry "FAI"]
[SourceTitle "CBM 165 Extra"]
[Source "ChessBase"]
[SourceDate "2015.04.21"]
[SourceVersion "1"]
[SourceVersionDate "2015.04.21"]
[SourceQuality "1"]

1. Nc3 d5 2. e4 Nf6 3. exd5 Nxd5 4. d4 g6 5. Nf3 Bg7 6. Nxd5 Qxd5 7. c4 Qd6 8. Be2 0-0 9. 0-0 Nc6 10. d5 Ne5 11. Qb3 e6 12. Rd1 exd5 13. Rxd5 Nxf3+ 14. Bxf3 Qa6 15. Be3 c6 16. Rd2 Be6 17. Be2 Rac8 18. Qb4 b6 19. c5 Qa5 20. Qxa5 bxa5 21. Rad1 Be5 22. b3 Rb8 23. f4 Bf6 24. Rd6 Rfc8 25. Ba6 Rc7 26. Bd2 Be7 27. Bxa5 Bxd6 28. cxd6 Rd7 29. Bc7 Rbd8 30. Bxd8 Rxd8 31. Bc4 Kf8 32. Bxe6 fxe6 33. Kf2 Ke8 34. Ke3 Kd7 35. Ke4 Rb8 36. Rd4 Rb5 37. b4 c5 38. bxc5 Rxc5 39. Rd2 Ra5 40. g3 Rb5 41. h3 h5 42. g4 hxg4 43. hxg4 g5 44. f5 exf5+ 45. gxf5 g4 46. f6 g3 47. f7 Rb8 48. Kf5 Rh8 1-0

[Event "FAI-chT 1415"]
[Site "Faroe Islands"]
[Date "2015.01.24"]
[Round "7.3"]
[White "Hansen, Herluf"]
[Black "Berg, Runar"]
[Result "1/2-1/2"]
[WhiteElo "2023"]
[BlackElo "2103"]
[PlyCount "71"]
[EventDate "2014.10.26"]
[EventType "team-tourn"]
[EventRounds "10"]
[EventCountry "FAI"]
[SourceTitle "EXT 2019"]
[Source "ChessBase"]
[SourceDate "2018.10.10"]
[SourceVersion "1"]
[SourceVersionDate "2018.10.10"]
[SourceQuality "1"]
[WhiteTeam "Havnin"]
[BlackTeam "Klaksvik"]
[WhiteTeamCountry "FAI"]
[BlackTeamCountry "FAI"]

1. d4 Nf6 2. c4 e6 3. Nc3 Bb4 4. e3 0-0 5. Nge2 d5 6. a3 Be7 7. Nf4 b6 8. cxd5 exd5 9. Bd3 Ba6 10. Bxa6 Nxa6 11. Qa4 Nb8 12. 0-0 c6 13. Rd1 Bd6 14. Bd2 b5 15. Qc2 Bxf4 16. exf4 Qb6 17. Qd3 Nbd7 18. f5 Rfe8 19. Re1 Rxe1+ 20. Rxe1 Re8 21. Rxe8+ Nxe8 22. Bf4 Qd8 23. Ne2 Qe7 24. f3 Nb6 25. Kf2 Nc4 26. Qc2 Qd7 27. g4 Ned6 28. Nc1 h5 29. h3 hxg4 30. hxg4 a5 31. Nd3 a4 32. Kg3 Qe7 33. Kf2 Qh4+ 34. Bg3 Qe7 35. Bf4 Qh4+ 36. Bg3 1/2-1/2

[Event "FAI-chT 1314"]
[Site "Torshavn"]
[Date "2014.03.15"]
[Round "10.3"]
[White "Hansen, Herluf"]
[Black "Nielsen, Torkil"]
[Result "0-1"]
[WhiteElo "2028"]
[BlackElo "2113"]
[PlyCount "144"]
[EventDate "2013.10.27"]
[EventType "team-tourn"]
[EventRounds "10"]
[EventCountry "FAI"]
[SourceTitle "EXT 2019"]
[Source "ChessBase"]
[SourceDate "2018.10.10"]
[SourceVersion "1"]
[SourceVersionDate "2018.10.10"]
[SourceQuality "1"]
[WhiteTeam "Havnin"]
[BlackTeam "Sandavagur"]
[WhiteTeamCountry "FAI"]
[BlackTeamCountry "FAI"]

1. d4 f5 2. g3 Nf6 3. Bg2 e6 4. Nh3 Be7 5. 0-0 0-0 6. b3 Nc6 7. Bb2 Qe8 8. Nf4 Nh5 9. e3 Nxf4 10. exf4 Bf6 11. Na3 a6 12. Nc4 Rb8 13. Re1 b5 14. Ne3 Ne7 15. Rb1 Qg6 16. Qd2 d6 17. c4 Re8 18. c5 Bb7 19. cxd6 cxd6 20. Rbc1 Bxg2 21. Kxg2 b4 22. Rc4 a5 23. Rc7 Nd5 24. Nxd5 exd5 25. Rc6 Rxe1 26. Qxe1 Qe8 27. Qxe8+ Rxe8 28. Kf1 Kf7 29. f3 a4 30. bxa4 Ra8 31. a3 Rxa4 32. axb4 Rxb4 33. Ba3 Rb1+ 34. Ke2 Ra1 35. Bxd6 Bxd4 36. Kd3 Rd1+ 37. Ke2 Rh1 38. Kd3 Bf6 39. Rc2 Ke6 40. Bc7 Rd1+ 41. Ke2 Rb1 42. Ba5 Rb2 43. Rxb2 Bxb2 44. Bb6 Kd6 45. Kd3 Ba3 46. Bd4 g6 47. g4 Ke6 48. Be5 Bc5 49. Kc3 Bg1 50. h3 Bh2 51. g5 Bg1 52. Kd3 Kd7 53. Bc3 Kc6 54. Bb2 Bf2 55. Be5 Bc5 56. Kc3 Bf8 57. Kd3 Kd7 58. Kd4 Ke6 59. Bb8 Bd6 60. Bxd6 Kxd6 61. h4 Kc6 62. Ke5 Kc5 63. h5 d4 64. hxg6 hxg6 65. Kf6 d3 66. Kxg6 d2 67. Kxf5 d1Q 68. g6 Qd4 69. Kg5 Kd6 70. f5 Ke7 71. f4 Qg1+ 72. Kh6 Kf6 0-1

[Event "FAI-chT 1314"]
[Site "Torshavn"]
[Date "2014.01.25"]
[Round "7.3"]
[White "Baldursson, Rani"]
[Black "Hansen, Herluf"]
[Result "1/2-1/2"]
[WhiteElo "1943"]
[BlackElo "2028"]
[PlyCount "102"]
[EventDate "2013.10.27"]
[EventType "team-tourn"]
[EventRounds "10"]
[EventCountry "FAI"]
[SourceTitle "EXT 2019"]
[Source "ChessBase"]
[SourceDate "2018.10.10"]
[SourceVersion "1"]
[SourceVersionDate "2018.10.10"]
[SourceQuality "1"]
[WhiteTeam "Klaksvik II"]
[BlackTeam "Havnin"]
[WhiteTeamCountry "FAI"]
[BlackTeamCountry "FAI"]

1. e4 e5 2. Nf3 Nf6 3. Nc3 Nc6 4. Bc4 Bc5 5. d3 h6 6. Be3 Bb6 7. Qd2 d6 8. 0-0-0 Ba5 9. h3 Be6 10. Bb3 Bxb3 11. axb3 Qd7 12. Nh4 Ne7 13. Qe2 Qc6 14. Bd2 0-0-0 15. Nb1 Bxd2+ 16. Nxd2 Kb8 17. g4 Ng6 18. Ng2 d5 19. exd5 Nxd5 20. Ne4 Rhe8 21. Ne3 Ndf4 22. Qf1 Nxd3+ 23. Rxd3 Qxe4 24. f3 Qf4 25. Kb1 Ne7 26. Qd1 Kc8 27. Ng2 Qg3 28. Ne1 Nc6 29. Qe2 Rxd3 30. Nxd3 Nd4 31. Qd2 Qxf3 32. Re1 f6 33. Re3 Qc6 34. Nb4 Qd7 35. Rd3 c5 36. Qc3 b6 37. Qc4 Qe6 38. Qa6+ Kb8 39. Na2 Qc6 40. Nc3 Qb7 41. Qa4 Rc8 42. b4 Qc6 43. bxc5 Qxa4 44. Nxa4 bxc5 45. Nc3 Kc7 46. Ne4 Kb6 47. c3 Ne6 48. Rd6+ Rc6 49. Rd7 Rc7 50. Rd6+ Rc6 51. Rd7 Rc7 1/2-1/2

[Event "Torshavn Landsliosbolkur"]
[Site "Torshavn"]
[Date "2013.03.29"]
[Round "8"]
[White "Hansen, Herluf"]
[Black "Nielsen, Hogni Egilstoft"]
[Result "0-1"]
[WhiteElo "2087"]
[BlackElo "2052"]
[PlyCount "96"]
[EventDate "2013.03.23"]
[EventType "tourn"]
[EventRounds "9"]
[EventCountry "FAI"]
[SourceTitle "CBM 153 Extra"]
[Source "ChessBase"]
[SourceDate "2013.04.22"]
[SourceVersion "1"]
[SourceVersionDate "2013.04.22"]
[SourceQuality "1"]

1. d4 e6 2. Nf3 Nf6 3. g3 d5 4. Bg2 Be7 5. c4 0-0 6. 0-0 c6 7. Nbd2 Nbd7 8. b3 Re8 9. Bb2 Bd6 10. cxd5 exd5 11. Ne1 Nf8 12. Ndf3 Qe7 13. e3 Ng6 14. Nd3 Bg4 15. h3 Bf5 16. Rc1 Ne4 17. Nf4 f6 18. g4 Nxf4 19. exf4 Bd7 20. f5 Bc7 21. Ne1 h5 22. Nd3 Qd6 23. f4 Ng3 24. Rf2 hxg4 25. hxg4 Re3 26. Qd2 Rae8 27. Ne5 fxe5 28. fxe5 Qh6 29. Rc3 Rxc3 30. Qxc3 Qh4 31. Bf3 Bb6 32. Rh2 Qe7 33. Kg2 Nxf5 34. gxf5 Qg5+ 35. Kf1 Qxf5 36. Rf2 Qb1+ 37. Ke2 Rf8 38. Rf1 Qg6 39. Ba3 Rf7 40. Qd3 Bf5 41. Qe3 Bg4 42. Kd2 Rxf3 43. Rxf3 Bxf3 44. Qxf3 Bxd4 45. Bd6 Qf7 46. Qg4 Qf2+ 47. Kd3 Qe3+ 48. Kc2 Qe4+ 0-1

[Event "Torshavn Landsliosbolkur"]
[Site "Torshavn"]
[Date "2013.03.26"]
[Round "4"]
[White "Hansen, Herluf"]
[Black "Nolsoe, Eydun"]
[Result "0-1"]
[WhiteElo "2087"]
[BlackElo "2197"]
[PlyCount "126"]
[EventDate "2013.03.23"]
[EventType "tourn"]
[EventRounds "9"]
[EventCountry "FAI"]
[SourceTitle "CBM 153 Extra"]
[Source "ChessBase"]
[SourceDate "2013.04.22"]
[SourceVersion "1"]
[SourceVersionDate "2013.04.22"]
[SourceQuality "1"]

1. d4 Nf6 2. c4 e6 3. Nc3 Bb4 4. e3 c5 5. Bd3 0-0 6. Nf3 d5 7. 0-0 cxd4 8. exd4 dxc4 9. Bxc4 b6 10. Qe2 Bb7 11. Rd1 Bxc3 12. bxc3 Qc7 13. Bg5 Nbd7 14. Rac1 Bxf3 15. gxf3 Nd5 16. Bd2 N7f6 17. Ba6 Rfd8 18. Qf1 Nf4 19. Qc4 Qd6 20. Be3 N6d5 21. Kh1 Rab8 22. Qf1 Ng6 23. Bd3 f5 24. Bg5 Rdc8 25. c4 Ndf4 26. Bb1 Qa3 27. Bd3 h6 28. Bxf4 Nxf4 29. Rc2 Rc7 30. Be2 Rbc8 31. Rdc1 Rd8 32. Rd1 Rcd7 33. Rcd2 Kh7 34. Kg1 Qc3 35. d5 exd5 36. Rd4 g5 37. Bd3 Nxd3 38. Qxd3 Qxd3 39. R1xd3 Kg7 40. cxd5 Kf6 41. Ra3 Ke5 42. Rd2 Kd6 43. Rc3 Rc7 44. Re3 Rc1+ 45. Kg2 Kc7 46. Re5 f4 47. Re7+ Rd7 48. d6+ Kc6 49. Re6 h5 50. Rg6 Rc5 51. h4 gxh4 52. Kh3 b5 53. Kxh4 a5 54. Rg5 Rxd6 55. Rxc5+ Kxc5 56. Rc2+ Kb4 57. Kg5 Rd4 58. Rb2+ Ka4 59. Kxh5 b4 60. Kg5 Ka3 61. Re2 a4 62. Kf5 b3 63. axb3 axb3 0-1